[Event "Stay Safe Play From Home 264"]
[Site "Emanuel Lasker Arena"]
[Date "2020.06.29"]
[Round "7"]
[White "Dukic"]
[Black "Lazieri3"]
[Result "0-1"]
[WhiteElo "1906"]
[BlackElo "2022"]
[Annotator "TA"]
[PlyCount "86"]
[EventDate "2020.06.29"]
[EventType "swiss (blitz)"]

{[%evp 9,86,60,69,20,43,42,95,93,89,94,89,83,84,87,79,88,100,83,100,90,86,80,98,72,176,94,135,102,259,93,93,86,100,95,85,86,294,119,113,79,97,97,75,69,125,64,138,132,132,125,103,91,565,466,386,127,1274,1210,1033,999,4137,4137,2328,2125,4137,4137,2251,2125,2015,622,1850,1295,1295,1287,1287,1280,1266,554,1280]} 1. c4 c6 2. Nc3 g6 3. e4 Bg7 4. d4 d6 5. Be2 Nf6 6. g4 {E73: King's Indian: Averbakh Variation without 6...c5.} e5 {[#]} 7. d5 $146 ({Predecessor:} 7. g5 Nfd7 8. Be3 O-O 9. h4 a6 10. d5 c5 11. h5 f5 12. exf5 gxf5 13. h6 Bh8 {1-0 (30) Becerra,J (2293)-Velez Alvarez,L (1848) Palmira 2018}) 7... c5 (7... cxd5 $14 8. cxd5 Na6) 8. h4 $16 {White is better.} h5 {[%cal Rh5g4]} 9. g5 Nfd7 10. Nf3 Na6 11. Be3 Nc7 12. Nd2 b6 13. b3 {[%cal Bb2b3,Bb3b4][%mdl 32]} Bb7 14. a3 Qe7 15. b4 Ba6 16. Qa4 f6 (16... O-O $16 {was called for.}) 17. Rb1 ({Better is} 17. gxf6 $18 Bxf6 18. Nf3) 17... fxg5 18. hxg5 Rf8 $2 {[#]} (18... O-O $16) 19. f3 $2 (19. bxc5 $18 {Black must now prevent Qc6.} bxc5 20. Nf3) 19... Kf7 20. Qb3 Rfe8 21. Kd1 Rab8 22. Kc2 b5 $2 {[#]} (22... Bc8 $16) 23. cxb5 (23. bxc5 $1 $18 {is the precise move to win.} bxc4 24. Qa4 dxc5 25. Rxb8 (25. Bxc4 Bxc4 26. Qxc4 Na8 $18) 25... Nxb8 26. Nxc4) 23... Nxb5 24. Nxb5 Bxb5 25. Bxb5 Rxb5 26. Qa4 Reb8 (26... Rbb8 $14) 27. Qxa7 (27. bxc5 $16 Rxb1 28. Rxb1 Nxc5 29. Bxc5 Rxb1 30. Bxd6 (30. Nxb1 dxc5 31. Qb3 Bf8 $14) 30... Qxd6 31. Qxa7+ (31. Kxb1 Qb6+ 32. Kc1 Bf8 $14) (31. Nxb1 Qc7+ 32. Kd3 h4 $14) 31... Qe7 32. Qxe7+ Kxe7 33. Nxb1 (33. Kxb1 h4 $16)) 27... cxb4 ({Black should play} 27... R5b7 $14 28. Qa5 Rc8) 28. axb4 Rxb4 29. Rxb4 Rxb4 30. Ra1 {Hoping for Kc3.} Nc5 $2 {[%mdl 8192]} (30... Qd8 $16) 31. Qxe7+ Kxe7 32. Ra7+ $2 (32. Bxc5 $1 $18 dxc5 33. Ra7+ Kf8 34. Nb3) 32... Rb7 $2 {[%mdl 8192]} (32... Nd7 $16 33. Bf2 Bf8) 33. Bxc5 $1 $18 {White is clearly winning.} Rxa7 34. Bxa7 h4 35. Bf2 h3 36. Bg3 Bf8 37. Kd3 Kd7 38. Ke3 Be7 39. Kf2 Bxg5 40. Ke2 Bd8 41. Nf1 Bb6 42. Nh2 Ke7 43. Ng4 g5 {[%mdl 32768] Accuracy: White = 60%, Black = 37%. . Loss on time!?} 0-1

[Event "Stay Safe Play From Home 264"]
[Site "Emanuel Lasker Arena"]
[Date "2020.06.29"]
[Round "7"]
[White "Matanant"]
[Black "Edmatuag"]
[Result "1-0"]
[WhiteElo "1904"]
[BlackElo "1684"]
[Annotator "TA"]
[PlyCount "83"]
[EventDate "2020.06.29"]
[EventType "swiss (blitz)"]

{[%evp 9,83,110,125,109,173,152,142,128,139,97,96,84,81,76,89,93,244,181,189,175,187,115,245,105,106,106,208,219,212,211,320,205,210,110,179,179,220,220,287,297,335,322,322,318,321,291,293,283,264,272,324,105,256,261,329,195,233,212,316,280,225,197,201,195,259,206,230,0,0,0,0,0,0,0,556,505]} 1. e4 c5 2. Nf3 d6 3. c3 Nc6 4. d4 Qa5 5. d5 {[#]} Nb8 $146 ({Predecessor:} 5... Ne5 6. Nxe5 dxe5 7. Nd2 f6 8. Nf3 g5 9. Bd2 g4 10. Ng1 f5 11. Bd3 Nf6 {1-0 (31) Garcia Velayos,C-Santamaria Quintana,I (1404) ICCF email 2012}) 6. Bd3 {B22: Sicilian: 2 c3.} h6 (6... g6 $16 7. O-O Bg7) 7. O-O e5 8. dxe6 {White is clearly better.} Bxe6 9. Bf4 Nc6 10. Nbd2 Nf6 11. Nc4 Bxc4 12. Bxc4 {And now e5 would win.} Rd8 $2 {[#]} (12... O-O-O $16) 13. Re1 Be7 14. Qb3 $36 {[%mdl 2048] White is in control.} O-O 15. e5 ({Better is} 15. Qxb7 $18 Qb6 16. Qxb6 axb6 17. h3) 15... Nxe5 (15... dxe5 $16 16. Nxe5 (16. Qxb7 exf4 17. Qxc6 Bd6 $16) (16. Bxe5 Rd7 $16) 16... Nxe5 17. Bxe5 Rd7) 16. Nxe5 (16. Rxe5 $18 {and White stays clearly on top.} dxe5 17. Nxe5) 16... dxe5 $16 17. Bxe5 Qb6 (17... Rd7 $16 18. Rad1 Qd8) 18. Qxb6 $18 axb6 19. Bc7 Rde8 (19... Rd7 $142) 20. Bxb6 {Strongly threatening Rad1.} Bd6 {If Black can now play ...Rxe1+ this consolidates a bit.} 21. Bb5 (21. Rxe8 $18 Rxe8 22. Rd1) 21... Rxe1+ (21... Re6 $16) 22. Rxe1 Nd5 23. Rd1 Nxb6 24. Rxd6 {[%mdl 4096] Endgame KRB-KRN} Nc8 25. Rd7 b6 26. Bc4 g5 27. g3 Kg7 28. f4 gxf4 29. gxf4 Kf6 30. Rc7 $2 (30. Kf2 $18) 30... Ne7 $2 (30... Kf5 $16 {was called for.}) 31. Kf2 Rb8 32. a3 (32. a4 $142) 32... Rd8 {Now ...Rd2+ and Black clings on.} 33. Ke2 Rd6 (33... Nd5 $142 34. Rc6+ Kf5 35. Bxd5 (35. Rxh6 Nxf4+ 36. Kf3 f6 $16) 35... Rxd5 36. Rxb6 (36. Rxh6 Ke4 $18) 36... h5) 34. b4 cxb4 35. cxb4 Rd4 36. Kf3 Rd1 (36... Kg6 $142 37. a4 Nf5) 37. a4 Ra1 38. Bb3 $2 (38. Rb7 $18) 38... Ra3 $11 39. Rc3 {Hoping for Ke4.} Nd5 $1 {[%cal Rd5c3][%mdl 64] [#] Double Attack} 40. Rd3 Nxb4 41. Re3 Nd5 $2 {[%mdl 8192]} (41... Na6 $11 {and Black stays safe.}) 42. Bxd5 {Accuracy: White = 53%, Black = 33%.} 1-0

[Event "Stay Safe Play From Home 264"]
[Site "Emanuel Lasker Arena"]
[Date "2020.06.29"]
[Round "7"]
[White "NeatFox"]
[Black "Cirovicz"]
[Result "1-0"]
[WhiteElo "1816"]
[BlackElo "1768"]
[Annotator "NA RC"]
[PlyCount "99"]
[EventDate "2020.06.29"]
[EventType "swiss (blitz)"]

1. e4 {[%emt 0:00:02]} e5 {[%emt 0:00:01]} 2. Nf3 {[%emt 0:00:01]} Nc6 {[%emt 0:00:01]} 3. d4 {[%emt 0:00:02]} exd4 {[%emt 0:00:02]} 4. Bc4 {[%emt 0:00:06]} Bc5 {[%emt 0:00:09]} 5. Ng5 {[%emt 0:00:01]} Nh6 {[%emt 0:00:02]} 6. Bxf7+ {[%emt 0:00:02]} Nxf7 {[%emt 0:00:02]} 7. Nxf7 {[%emt 0:00:01]} Kxf7 {[%emt 0:00:01]} 8. Qh5+ {[%emt 0:00:01]} Kf8 {[%emt 0:00:11]} 9. Qxc5+ {[%emt 0:00:01]} Qe7 {[%emt 0:00:01]} 10. Qxe7+ {[%emt 0:00:01]} Kxe7 {[%emt 0:00:01]} 11. O-O {[%emt 0:00:00]} Re8 {[%emt 0:00:16]} 12. Bf4 {[%emt 0:00:14]} d6 {[%emt 0:00:03]} 13. Nd2 {[%emt 0:00:02]} Nb4 {[%emt 0:00:11]} 14. Rfc1 {[%emt 0:00:06]} d3 {[%emt 0:00:01]} 15. c3 {[%emt 0:00:07]} Nc2 {[%emt 0:00:03]} 16. Rab1 {[%emt 0:00:01]} c5 {[%emt 0:00:07]} 17. Nc4 {[%emt 0:00:04]} Rd8 {[%emt 0:00:04]} 18. Ne3 {[%emt 0:00:04]} Nxe3 {[%emt 0:00:04]} 19. Bxe3 {[%emt 0:00:01]} c4 {[%emt 0:00:01]} 20. b3 {[%emt 0:00:01]} b5 {[%emt 0:00:01]} 21. a4 {[%emt 0:00:01]} a6 {[%emt 0:00:02]} 22. Bg5+ {[%emt 0:00:04]} Kd7 {[%emt 0:00:02]} 23. Bxd8 {[%emt 0:00:01]} Kxd8 {[%emt 0:00:01]} 24. bxc4 {[%emt 0:00:01]} bxc4 {[%emt 0:00:02]} 25. Rb6 {[%emt 0:00:03]} Kc7 {[%emt 0:00:02]} 26. Rb4 {[%emt 0:00:02]} Be6 {[%emt 0:00:02]} 27. f4 {[%emt 0:00:02]} g6 {[%emt 0:00:02]} 28. Kf2 {[%emt 0:00:01]} d5 {[%emt 0:00:03]} 29. e5 {[%emt 0:00:04]} Rf8 {[%emt 0:00:04]} 30. Ke3 {[%emt 0:00:01]} g5 {[%emt 0:00:12]} 31. g3 {[%emt 0:00:01]} gxf4+ {[%emt 0:00:01]} 32. gxf4 {[%emt 0:00:00]} Rg8 {[%emt 0:00:01]} 33. Rf1 {[%emt 0:00:04]} Rg2 {[%emt 0:00:05]} 34. Rf2 {[%emt 0:00:01]} Rg1 {[%emt 0:00:01]} 35. f5 {[%emt 0:00:05]} Re1+ {[%emt 0:00:10]} 36. Kd2 {[%emt 0:00:01]} Rxe5 {[%emt 0:00:22]} 37. fxe6 {[%emt 0:00:08]} Rxe6 {[%emt 0:00:01]} 38. Rb1 {[%emt 0:00:04]} Kc6 {[%emt 0:00:02]} 39. Re1 {[%emt 0:00:01]} Rg6 {[%emt 0:00:02]} 40. Ref1 {[%emt 0:00:02]} Kc5 {[%emt 0:00:01]} 41. Rf6 {[%emt 0:00:01]} Rg2+ {[%emt 0:00:02]} 42. R1f2 {[%emt 0:00:00]} Rg1 {[%emt 0:00:01]} 43. Rxa6 {[%emt 0:00:01]} Ra1 {[%emt 0:00:02]} 44. Ra5+ {[%emt 0:00:01]} Kb6 {[%emt 0:00:01]} 45. Rxd5 {[%emt 0:00:01]} Ra2+ {[%emt 0:00:02]} 46. Ke3 {[%emt 0:00:01]} Rxa4 {[%emt 0:00:01]} 47. Rf6+ {[%emt 0:00:03]} Kc7 {[%emt 0:00:01]} 48. Rh5 {[%emt 0:00:02]} Ra1 {[%emt 0:00:04]} 49. Rxh7+ {[%emt 0:00:02]} Kd8 {[%emt 0:00:00]} 50. Rf8# {[%emt 0:00:00] (Lag: Av=0.79s, max=1.4s)} 1-0

[Event "Stay Safe Play From Home 264"]
[Site "Emanuel Lasker Arena"]
[Date "2020.06.29"]
[Round "8"]
[White "Lazieri3"]
[Black "Weltszmerc"]
[Result "1-0"]
[WhiteElo "2033"]
[BlackElo "2022"]
[Annotator "TA"]
[PlyCount "147"]
[EventDate "2020.06.29"]
[EventType "swiss (blitz)"]

{[%evp 9,147,-6,-6,-7,-7,-12,-8,-9,-14,-24,-12,-28,0,-25,-16,-13,0,0,0,0,0,5,10,0,0,0,-7,-8,-14,0,-8,-18,0,0,0,-10,0,0,0,0,0,0,0,0,0,0,0,-8,-8,-8,-8,-8,-8,-9,0,-10,-8,-8,-8,-8,-8,-8,258,-10,-8,-10,-8,-8,-8,-8,0,0,0,0,0,0,0,0,0,0,0,0,0,0,0,0,0,0,0,0,0,0,0,0,0,0,0,0,0,0,0,0,0,0,0,0,12835,12835,12836,12836,12846,12847,12848,12847,12850,12850,27999,27999,27999,27999,27998,27998,27999,27999,27998,27999,27998,27999,27999,27999,27998,27998,27999,27999,27999,27999,27999,27999,27993,27993]} 1. e4 Nf6 2. Nc3 d5 3. exd5 Nxd5 4. Nxd5 Qxd5 5. Qf3 c6 6. Qxd5 {B02: Alekhine's Defence: Chase Variation and lines with early Nc3.} cxd5 7. d4 Nc6 8. c3 {The position is equal.} Bf5 9. Bf4 e6 10. Kd2 Be7 11. Bd3 Bxd3 12. Kxd3 O-O 13. Nf3 Rac8 14. Ne5 {[#]} (14. Rhe1 {looks sharper.} Na5 15. a4 Nc4 16. Kc2 Rc6 17. Nd2) 14... f6 $146 ({Predecessor:} 14... Nxe5+ 15. Bxe5 Rfd8 16. Bf4 Bd6 17. Bxd6 {½-½ (17) Saizew,V (1957)-Cornelius,J (2022) Maastricht 2015}) 15. Nxc6 Rxc6 16. Rhe1 Rfc8 17. Re2 Kf7 18. Rae1 b5 19. a3 a5 20. Rc2 b4 21. axb4 axb4 22. Rec1 (22. Ra1 {is interesting.} g5 23. Bg3 Kg6 24. Ra7 Bd8 25. f3) 22... Rc4 (22... b3 {keeps more tension.} 23. Re2 Ra6 24. f3 h5 25. h4 Rc4) 23. cxb4 {[%cal Rc2c4]} Rxc2 24. Rxc2 Rxc2 25. Kxc2 Bxb4 $11 {[%mdl 4096] Endgame KB-KB} 26. Bd2 Bd6 27. h3 Ke7 28. Kd3 Kd7 29. f3 Kc6 30. b3 Kb5 31. Bc3 Bb4 32. Bb2 Be1 33. Ba3 g6 34. Be7 f5 35. Ba3 Bb4 $2 {[%mdl 8192] [#]} (35... Kc6 $11 {and Black stays safe.}) 36. Bb2 $2 (36. Bxb4 $1 $18 Kxb4 37. Kc2) 36... Bd6 37. Bc3 Kc6 38. Bd2 Kd7 39. Bc3 Ke7 40. Bd2 Kf6 41. Bc3 g5 42. Bd2 h5 43. b4 g4 44. hxg4 fxg4 45. fxg4 hxg4 46. b5 Ke7 47. Ba5 Kd7 48. Ke3 e5 49. dxe5 $1 Bxe5 50. Kd3 Kd6 51. Bb4+ Kc7 52. Bc5 Kb7 53. Bd4 Bc7 54. Bc5 Be5 $1 55. Bd4 Bd6 56. Be3 {[#] aiming for Kd4.} Bb8 57. Bc5 {Threatens to win with Kd4.} Bh2 $2 {[%mdl 8192] Black is on the road to losing.} (57... Be5 $11) 58. Kd4 $18 Kc7 59. Kxd5 Kd7 60. b6 Bb8 61. Bd4 {White threatens Be5 and mate.} g3 62. Be5 Bxe5 63. Kxe5 {KPP-KP. White mates.} Kc6 64. Kf4 Kxb6 65. Kxg3 {KP-K} Kc6 66. Kg4 Kd6 67. Kf5 Ke7 68. Kg6 Kf8 69. g4 Kg8 70. g5 Kh8 71. Kf7 Kh7 72. g6+ Kh6 73. g7 Kg5 74. g8=Q+ {Accuracy: White = 93%, Black = 88%.} 1-0

[Event "Stay Safe Play From Home 264"]
[Site "Emanuel Lasker Arena"]
[Date "2020.06.29"]
[Round "8"]
[White "Matanant"]
[Black "NeatFox"]
[Result "1-0"]
[WhiteElo "1911"]
[BlackElo "1830"]
[Annotator "TA"]
[PlyCount "95"]
[EventDate "2020.06.29"]
[EventType "swiss (blitz)"]

{[%evp 9,95,35,22,-1,46,-24,26,-37,29,22,38,27,52,16,31,-4,2,-81,-30,-112,-77,-163,-37,-144,-17,-7,15,-69,-32,-67,-14,-21,16,16,19,0,23,23,32,23,35,29,51,29,52,0,20,23,69,71,160,151,160,151,414,414,417,429,413,406,550,516,625,598,814,645,1027,363,318,269,530,518,630,606,612,371,6001,5389,29982,29983,29988,29982,29987,29988,29987,29988,29991,29985]} 1. b3 Nf6 2. Bb2 g6 3. e4 Bg7 4. f4 {[#]} Nh5 $146 ({Predecessor:} 4... d6 5. Nf3 O-O 6. Bd3 Nc6 7. O-O Nb4 8. Qe2 b6 9. a3 Nxd3 10. Qxd3 Bb7 11. Bxf6 Bxf6 12. Nc3 Bg7 13. Rae1 a5 {0-1 (25) Berg,E (2587)-Giri,A (2693) Malmo 2012}) 5. Bxg7 Nxg7 6. Nf3 {A01: Nimzowitsch-Larsen Opening.} e6 7. Be2 (7. Nc3 $14) 7... d5 (7... Qf6 $5 {[%cal Rf6a1]} 8. Nc3 Qxf4 $11) 8. d3 (8. e5 $11) 8... dxe4 (8... Qf6 $15 9. Na3 a6) 9. dxe4 $11 Qxd1+ 10. Bxd1 Nc6 11. c3 O-O 12. O-O b6 {[%cal Bb7b6,Bb6b5][%mdl 32]} 13. g4 (13. Nbd2 $11) 13... Bb7 (13... f5 $17) 14. Re1 (14. e5 $11 {keeps the balance.}) 14... Rad8 15. Kf2 (15. Na3 $17) 15... Rd7 (15... f5 $19 {Threatens to win with ...fxe4.} 16. gxf5 exf5) 16. Nbd2 {[#]} (16. e5 $15) 16... Rfd8 (16... f5 $1 $17 {[%cal Rf5g4]} 17. gxf5 exf5) 17. Nc4 b5 18. Na3 (18. Nce5 $11 Nxe5 19. fxe5) 18... a6 19. Nc2 f6 ({Black should try} 19... Rd3 $15 20. Ncd4 Rxc3 21. Nxc6 Rxc6) 20. Ne3 g5 21. fxg5 fxg5 22. Bc2 h6 23. Rad1 Rxd1 24. Rxd1 Rxd1 25. Nxd1 e5 26. Kg3 Kf7 27. h4 (27. Ne3 $14) 27... Ne6 28. Ne3 Kg6 29. h5+ Kf7 (29... Kh7 $142) 30. Nf5 $16 Nf4 {intending ...Ne2+.} 31. Nxh6+ Kf8 $2 {[#] This move loses the game for Black.} (31... Kf6 $16 {was necessary.}) 32. Nf5 $18 Ne2+ 33. Kf2 Nxc3 34. a3 Ne7 35. Nxg5 Ng8 36. Ne6+ Kf7 37. Nxc7 Bxe4 38. Bxe4 $2 (38. Nd6+ Ke7 39. Nxe4 Nxe4+ 40. Bxe4) 38... Nxe4+ {[%mdl 4096] Endgame KNN-KNN} 39. Ke3 Nef6 $2 (39... Ngf6 40. Nxa6 Ng5) 40. Kf3 e4+ 41. Kg3 e3 42. Nd4 Nd5 $2 (42... Nh6 43. Nxa6 Nhxg4) 43. Nxd5 Kg7 44. g5 {White mates.} Ne7 45. Nxe3 Ng8 46. Kg4 Kf7 47. g6+ Kg7 48. Nef5+ {Accuracy: White = 37%, Black = 26%.} 1-0

[Event "Stay Safe Play From Home 264"]
[Site "Emanuel Lasker Arena"]
[Date "2020.06.29"]
[Round "8"]
[White "Cirovicz"]
[Black "Mepe_Nika"]
[Result "0-1"]
[WhiteElo "1754"]
[BlackElo "2373"]
[Annotator "TA"]
[PlyCount "46"]
[EventDate "2020.06.29"]
[EventType "swiss (blitz)"]

{[%evp 9,45,-343,-343,-344,-350,-357,-299,-286,-318,-337,-322,-342,-341,-419,-438,-450,-433,-468,-478,-478,-454,-524,-516,-521,-518,-559,-351,-759,-812,-810,-785,-746,-556,-29993,-29984,-29992,-29993,-29999]} 1. e4 e5 2. Nf3 Nc6 3. Bc4 Nf6 4. Nc3 Nxe4 5. Nxe5 Nxe5 6. Bxf7+ {C55: Two Knights: 4 d3, 4 d4 exd4 5 e5 and Max Lange Attack.} Nxf7 7. Nxe4 {[#]} Qe7 $146 ({Predecessor:} 7... d5 8. Ng3 Qe7+ 9. Qe2 Qxe2+ 10. Nxe2 Bf5 11. d3 Kd7 12. Bf4 Re8 13. Kd2 g5 {1-0 (31) Sandocal,U (1688)-Draba,H (1414) LSS email 2014}) 8. O-O {If White can now play Re1 this consolidates a bit.Black has a decisive advantage.} d5 ({Less strong is} 8... Qxe4 9. Re1 $15) 9. Ng3 Be6 10. d4 O-O-O 11. Bf4 g5 12. Be3 {[#]} h5 $1 13. b3 (13. Nxh5 g4) 13... h4 14. Ne2 Nd6 15. Qd2 Ne4 16. Qc1 g4 17. Nf4 Bh6 {aiming for ...g3.} 18. Nxd5 $2 (18. Ng6 Qg7 19. Nxh8 Rxh8 20. Bxh6 Rxh6 21. Qe3) 18... Bxd5 $19 19. Bxh6 h3 {[#] Strongly threatening ...hxg2.} 20. Re1 hxg2 21. Bg5 Qxg5 {Black mates.} 22. Qxg5 Nxg5 {[%cal Rg5h3]} 23. Re5 Nh3# {Black took control after the opening. Accuracy: White = 45%, Black = 70%.} 0-1

[Event "Stay Safe Play From Home 264"]
[Site "Emanuel Lasker Arena"]
[Date "2020.06.29"]
[Round "8"]
[White "Watchel"]
[Black "Dukic"]
[Result "0-1"]
[WhiteElo "1586"]
[BlackElo "1894"]
[Annotator "NA RC"]
[PlyCount "72"]
[EventDate "2020.06.29"]
[EventType "swiss (blitz)"]

1. c4 {[%emt 0:00:02]} e6 {[%emt 0:00:00]} 2. e4 {[%emt 0:00:02]} d5 {[%emt 0:00:00]} 3. exd5 {[%emt 0:00:00]} exd5 {[%emt 0:00:01]} 4. cxd5 {[%emt 0:00:00]} Nf6 {[%emt 0:00:03]} 5. d4 {[%emt 0:00:00]} Nxd5 {[%emt 0:00:02]} 6. Nc3 {[%emt 0:00:00]} Be6 {[%emt 0:00:02]} 7. Nf3 {[%emt 0:00:01]} Nd7 {[%emt 0:00:01]} 8. Be2 {[%emt 0:00:02]} Be7 {[%emt 0:00:02]} 9. O-O {[%emt 0:00:01]} O-O {[%emt 0:00:01]} 10. Nxd5 {[%emt 0:00:03]} Bxd5 {[%emt 0:00:01]} 11. Bf4 {[%emt 0:00:01]} Nb6 {[%emt 0:00:02]} 12. b3 {[%emt 0:00:03]} Bf6 {[%emt 0:00:04]} 13. Rc1 {[%emt 0:00:02]} Rc8 {[%emt 0:00:02]} 14. Qd3 {[%emt 0:00:04]} Re8 {[%emt 0:00:06]} 15. Rc2 {[%emt 0:00:03]} Be4 {[%emt 0:00:03]} 16. Qc3 {[%emt 0:00:05]} Nd5 {[%emt 0:00:03]} 17. Qd2 {[%emt 0:00:12]} Bxc2 {[%emt 0:00:03]} 18. Qxc2 {[%emt 0:00:02]} Nxf4 {[%emt 0:00:01]} 19. Bc4 {[%emt 0:00:05]} c5 {[%emt 0:00:07]} 20. dxc5 {[%emt 0:00:02]} Qc7 {[%emt 0:00:05]} 21. Qf5 {[%emt 0:00:04]} Re7 {[%emt 0:00:11]} 22. g3 {[%emt 0:00:01]} Ne6 {[%emt 0:00:08]} 23. Bd3 {[%emt 0:00:02]} Nf8 {[%emt 0:00:04]} 24. b4 {[%emt 0:00:03]} Rd8 {[%emt 0:00:03]} 25. Bc2 {[%emt 0:00:12]} Qc6 {[%emt 0:00:07]} 26. Ng5 {[%emt 0:00:06]} g6 {[%emt 0:00:03]} 27. Qg4 {[%emt 0:00:11]} h5 {[%emt 0:00:06]} 28. Qf4 {[%emt 0:00:11]} Rd4 {[%emt 0:00:10]} 29. Qc1 {[%emt 0:00:05]} Qd5 {[%emt 0:00:04]} 30. Bb3 {[%emt 0:00:04]} Qxg5 {[%emt 0:00:02]} 31. h4 {[%emt 0:00:05]} Qg4 {[%emt 0:00:05]} 32. Qh6 {[%emt 0:00:03]} Bxh4 {[%emt 0:00:03]} 33. Kh2 {[%emt 0:00:03]} Bxg3+ {[%emt 0:00:03]} 34. fxg3 {[%emt 0:00:02]} Re2+ {[%emt 0:00:10]} 35. Kh1 {[%emt 0:00:06]} Qh3+ {[%emt 0:00:08]} 36. Kg1 {[%emt 0:00:02]} Qg2# {[%emt 0:00:02] (Lag: Av=0.51s, max=3.7s)} 0-1

[Event "Stay Safe Play From Home 264"]
[Site "Emanuel Lasker Arena"]
[Date "2020.06.29"]
[Round "9"]
[White "Mepe_Nika"]
[Black "Matanant"]
[Result "1-0"]
[WhiteElo "2374"]
[BlackElo "1925"]
[Annotator "TA"]
[PlyCount "131"]
[EventDate "2020.06.29"]
[EventType "swiss (blitz)"]

{[%evp 9,131,23,39,10,19,-12,43,25,23,-9,23,0,0,0,20,-23,0,0,-11,-7,-13,-8,-2,0,31,0,0,8,0,3,22,16,18,16,17,6,4,2,31,31,44,44,43,35,42,39,49,49,41,41,62,62,82,58,77,66,138,139,139,141,135,84,162,93,211,211,204,162,185,197,234,234,226,174,175,56,53,41,425,39,521,363,2577,294,294,291,291,34,5872,4655,29986,29987,29983,87,29962,29964,29956,29964,29961,29964,29982,29985,29985,29986,29987,29987,29988,29987,29987,29988,29990,29989,29990,29991,29992,29993,29993,29993,29993,29994,29997,29995,29995,29995]} 1. e4 e5 2. Nf3 d5 3. Nxe5 Bd6 4. d4 dxe4 5. Nc4 Be7 6. Nc3 {C40: Latvian and Elephant Gambits.} Nf6 7. Bg5 Bf5 (7... Nc6 $11) 8. Be2 {White is slightly better.} O-O 9. O-O {[#]} c6 $146 ({Predecessor:} 9... h6 10. Bh4 Nbd7 11. Re1 Nb6 12. a4 Nxc4 13. Bxc4 c6 14. a5 b5 15. axb6 axb6 16. Rxa8 Qxa8 17. Bxf6 Bxf6 18. Nxe4 Bxe4 19. Rxe4 {1-0 (58) Berger Dit Lacroix,K (2129)-Frazao,T (1719) Europe Chess INT 2020}) 10. f3 exf3 11. Bxf3 Bg6 12. Ne5 Nbd7 13. Nxg6 hxg6 14. Re1 Re8 15. Qd3 Qa5 (15... Qc7 {feels hotter.} 16. Be3 a6 17. Bf2 Rad8 18. Rad1 g5) 16. Bd2 Qf5 17. Qxf5 gxf5 18. Re2 Bd6 19. Rae1 Kf8 (19... Rxe2 {is more complex.} 20. Rxe2 Rd8 21. Nd1 g6 22. Nf2 Nf8) 20. Rxe8+ Rxe8 21. Rxe8+ Kxe8 22. h3 Nb6 23. b3 {[%cal Bb2b3,Bb3b4,Bb4b5][%mdl 32]} g6 24. Kf2 Nfd5 25. Nxd5 Nxd5 $14 {[%mdl 4096] Endgame KBB-KBN} 26. c4 Nc7 27. b4 Kd7 28. a4 {[%cal Ba2a4,Ba4b5][%mdl 32]} Be7 29. Ke2 Na6 30. b5 Nc7 31. Kd3 Ne6 32. Be3 cxb5 (32... Ng5 $14) 33. axb5 $16 b6 34. Bc6+ Kd8 35. g3 ({White should play} 35. Bd5) 35... g5 (35... Bd6 $16 {was worth a try.}) 36. Bf3 ({White should try} 36. Bf2 $18) 36... f6 (36... f4 $16) 37. Bd5 $18 Nc7 38. Bc6 Bd6 39. Bf2 f4 40. gxf4 Bxf4 41. c5 Ne6 42. cxb6 (42. Be4 $18) 42... axb6 $14 43. Ke4 Kc7 $2 {[%mdl 8192] White now steadily converts the win.} ({Better is} 43... Ke7 $14) 44. h4 $2 ({Only move:} 44. Kf5 $18 Nd8 45. Bd5 (45. Kxf6 Nxc6 46. bxc6 Kd6 $16)) 44... Nd8 $2 {[%mdl 8192]} (44... Ng7 $1 $14) 45. Bd5 Nb7 $2 (45... Kd6 46. Bb3 Ke7) 46. h5 $2 (46. Bxb7 Bd6 47. h5) 46... Nd6+ $18 47. Kd3 {And now h6 would win.} g4 48. Bc6 $2 (48. Be6 $18) 48... Nf5 $2 {[%mdl 8192]} (48... Kd8 $14) 49. Ke4 $1 {[%csl LRf4,LRf5][%mdl 64] [#] Double Attack} Bg3 50. Kxf5 {[%mdl 64] Double Attack} Bxf2 51. Kxg4 $2 {KB-KB} (51. h6 {mates} Bxd4 52. h7 Kd6 53. h8=Q Kc5 54. Qh4 Kb4 55. Qxg4 Kc3 56. Bd5) 51... Be3 $2 {[%mdl 8192]} (51... f5+ $16 52. Kxf5 Bxd4) 52. d5 {White mates.} Kd6 53. Kf5 Bg5 54. Kg6 Ke5 55. h6 Bxh6 56. Kxh6 {KB-KPP} f5 57. Kh5 f4 58. Kh4 f3 59. Kg3 Ke4 60. Kf2 Kd4 61. d6 Kc5 62. d7 Kc4 63. Kxf3 Kb4 64. d8=Q Ka5 {[#]} 65. Qc7 $1 Kb4 66. Qxb6 {Accuracy: White = 60%, Black = 54%.} 1-0

[Event "Stay Safe Play From Home 264"]
[Site "Emanuel Lasker Arena"]
[Date "2020.06.29"]
[Round "9"]
[White "Dukic"]
[Black "Cirovicz"]
[Result "0-1"]
[WhiteElo "1899"]
[BlackElo "1753"]
[Annotator "NA RC"]
[PlyCount "58"]
[EventDate "2020.06.29"]
[EventType "swiss (blitz)"]

1. c4 {[%emt 0:00:06]} e5 {[%emt 0:00:01]} 2. Nc3 {[%emt 0:00:03]} d6 {[%emt 0:00:02]} 3. Nf3 {[%emt 0:00:01]} f5 {[%emt 0:00:02]} 4. d4 {[%emt 0:00:01]} e4 {[%emt 0:00:01]} 5. Ng5 {[%emt 0:00:01]} Be7 {[%emt 0:00:07]} 6. Nh3 {[%emt 0:00:01]} g5 {[%emt 0:00:04]} 7. g3 {[%emt 0:00:01]} f4 {[%emt 0:00:10]} 8. gxf4 {[%emt 0:00:05]} Bxh3 {[%emt 0:00:02]} 9. Bxh3 {[%emt 0:00:02]} gxf4 {[%emt 0:00:02]} 10. Bxf4 {[%emt 0:00:01]} Nf6 {[%emt 0:00:05]} 11. Be6 {[%emt 0:00:04]} Nbd7 {[%emt 0:00:01]} 12. Qc2 {[%emt 0:00:10]} c6 {[%emt 0:00:06]} 13. Nxe4 {[%emt 0:00:02]} Nxe4 {[%emt 0:00:02]} 14. Qxe4 {[%emt 0:00:01]} Qa5+ {[%emt 0:00:01]} 15. Bd2 {[%emt 0:00:05]} Qh5 {[%emt 0:00:11]} 16. Bg4 {[%emt 0:00:32]} Qf7 {[%emt 0:00:06]} 17. Be6 {[%emt 0:00:13]} Qh5 {[%emt 0:00:02]} 18. h4 {[%emt 0:00:06]} O-O-O {[%emt 0:00:02]} 19. O-O-O {[%emt 0:00:04]} Kc7 {[%emt 0:00:04]} 20. Rdg1 {[%emt 0:00:06]} Nf6 {[%emt 0:00:03]} 21. Qe3 {[%emt 0:00:05]} Nd7 {[%emt 0:00:16]} 22. d5 {[%emt 0:00:12]} c5 {[%emt 0:00:01]} 23. Qa3 {[%emt 0:00:04]} Kb8 {[%emt 0:00:04]} 24. Rg7 {[%emt 0:00:09]} Bf6 {[%emt 0:00:17]} 25. Rxd7 {[%emt 0:00:03]} Rxd7 {[%emt 0:00:02]} 26. Bxd7 {[%emt 0:00:01]} Qxe2 {[%emt 0:00:01]} 27. Be3 {[%emt 0:00:13]} Qxc4+ {[%emt 0:00:03]} 28. Kb1 {[%emt 0:00:02]} Qe4+ {[%emt 0:00:02]} 29. Ka1 {[%emt 0:00:04]} Qxh1+ {[%emt 0:00:02] Zeit (Lag: Av=0.67s, max=0.8s)} 0-1